Barcelona y la Exposición Universal (Record no. 151261)
[ view plain ]
| 000 -LEADER | |
|---|---|
| campo de control de longitud fija | 00737nam a2200181 i 4500 |
| 001 - NÚMERO DE CONTROL | |
| campo de control | 151261 |
| 003 - IDENTIFICADOR DE NÚMERO DE CONTROL | |
| campo de control | ES-MaACL |
| 005 - FECHA Y HORA DE LA ÚLTIMA TRANSACCIÓN | |
| campo de control | 20230906203922.0 |
| 007 - CAMPO FIJO DE DESCRIPCIÓN FÍSICA--INFORMACIÓN GENERAL | |
| campo de control de longitud fija | t| |
| 008 - DATOS DE LONGITUD FIJA--INFORMACIÓN GENERAL | |
| campo de control de longitud fija | 071220s1888 sp be |||| | spa d |
| 100 1# - ENTRADA PRINCIPAL--NOMBRE DE PERSONA | |
| Nombre de persona | Chichón, Rafael. |
| 9 (RLIN) | 126482 |
| 245 10 - MENCIÓN DEL TÍTULO | |
| Título | Barcelona y la Exposición Universal |
| Resto del título | : (guía económica) / |
| Mención de responsabilidad, etc. | por Rafael Chichón. |
| 260 ## - PUBLICACIÓN, DISTRIBUCIÓN, ETC. | |
| Lugar de publicación, distribución, etc. | Barcelona : |
| Nombre del editor, distribuidor, etc. | [s.n., |
| Fecha de publicación, distribución, etc. | 1888?] ( |
| Fabricante | Imp. de los Sucesores de N. Ramírez) |
| 300 ## - DESCRIPCIÓN FÍSICA | |
| Extensión | 175, [20] p., [4] h. pleg., [2] h. de planos pleg. ; |
| Dimensiones | 16 cm. |
| 611 24 - PUNTO DE ACCESO ADICIONAL DE MATERIA--NOMBRE DE REUNIÓN/CONGRESO | |
| Nombre de congreso/reunión o jurisdicción como elemento de entrada | Exposición Universal (. |
| Fecha del congreso o de la firma del tratado | 1888. |
| Sede del congreso/Lugar de la reunión | Barcelona) |
| 9 (RLIN) | 153421 |
| 852 ## - LOCALIZACIÓN | |
| Ubicación | ES-MaACL |
| Número de control de estantería | C-284 |
| Nota libre | - Ejemplar falto de portada |
| -- | . - Legado Calderón |
| 852 ## - LOCALIZACIÓN | |
| Ubicación | ES-MaACL |
| Número de control de estantería | R-1933 |
| Encuadernación | Olim: 288-G-3 |
| -- | Olim: G-322 |
| Estatus retirado | Estado de pérdida | Estado de daño | No para préstamo | Colección | Biblioteca de origen | Biblioteca actual | Ubicación en estantería | Fecha de adquisición | Fuente de adquisición | Total de préstamos | Signatura topográfica completa | Código de barras | Visto por última vez | Precio de reemplazo | Tipo de ítem Koha |
|---|---|---|---|---|---|---|---|---|---|---|---|---|---|---|---|
| Libros del s. XIX | Biblioteca del Ateneo de Madrid | Biblioteca del Ateneo de Madrid | Depósito | 17/01/2008 | R-1933 | 1157834 | 23/02/2023 | 23/02/2023 | Libro impreso antiguo | ||||||
| Libros del s. XIX | Biblioteca del Ateneo de Madrid | Biblioteca del Ateneo de Madrid | Sala Palomar | 17/01/2008 | C-284 | 1157833 | 23/02/2023 | 23/02/2023 | Libro impreso antiguo |
